000 00458nam a2200193Ia 4500
008 151121s9999||||xx |||||||||||||| ||und||
082 _a920/CAR
082 _bHNW-56322
100 _aCardus Neville
245 _aAutobiography
260 _b"A Hamish Hamilon PaperBack, London"
260 _c--
300 _a288
600 _aCardus Neville
630 _aAutobiography
700 _aCardus Neville
730 _aAutobiography
942 _cBOOK
999 _c1238897
_d1238894